000
00203 a2200097 4500
001
11409
100
_a
Leaky, L.S.B.
245
_a
Defeating Mav Mav
260
_a
_b
Methuen & Co
_c
090
_c
8951
_d
8951
942
_a
NUST-CAE
_c
M
_c
35768
999
_c
246482
_d
246482